| 000 | 01759cam a2200421 i 4500 | ||
|---|---|---|---|
| 001 | 15920470 | ||
| 003 | CO-MdFUSB | ||
| 005 | 20230712095259.0 | ||
| 008 | 090924m20102012mau b 001 0 eng | ||
| 010 | _a 2009937799 | ||
| 020 | _a0674991524 (v. 2 : acidfree paper) | ||
| 020 | _a0674991532 (v. 3 : acidfree paper) | ||
| 040 |
_aDLC _beng _cCO-MdBIC _erda _dCO-MdFUSB |
||
| 041 | 1 |
_aeng _agrc _hgrc |
|
| 042 | _apcc | ||
| 043 |
_ae-gr--- _ae-it--- |
||
| 082 | 0 | 0 |
_aR 888.01 _223 _bLP781p |
| 100 | 0 |
_aPolybius _eautor |
|
| 245 | 1 | 4 |
_aPolybius _b: The histories / _cPolybius ; W. R. Paton , traductor. |
| 264 | 1 |
_aCambridge, Massachusetts : _bHarvard University Press, _c[1968-1975] |
|
| 264 | 4 | _c© 1968-1975 | |
| 300 |
_a6 volumes ; _c17 cm. |
||
| 336 |
_2rdacontent _atexto _btxt |
||
| 337 |
_asin mediación _2rdamedia _bn |
||
| 338 |
_avolumen _2rdacarrier _bnc |
||
| 490 | 0 | _aLoeb Classical Library | |
| 505 | _aI.Libros 1-2 -- II. Libros 3-4 -- III. Libros 5-8 -- IV Libros 9-15 -- V. Libros 16-27 -- VI. Libros 28-39 | ||
| 506 | _aPréstamo en sala | ||
| 650 | 7 |
_aLiteratura griega _9108 |
|
| 651 |
_aRoma _xHistoria |
||
| 700 | 1 |
_aPaton, W. R. _q(William Roger), _d1857-1921. |
|
| 906 |
_a7 _bcbc _corignew _d2 _eepcn _f20 _gy-gencatlg |
||
| 942 | _cREF | ||
| 945 | _aEstudiante | ||
| 999 |
_c63764 _d63764 |
||